| LEADER | 02205nam a2200433 i 4500 | ||
|---|---|---|---|
| 001 | 310935 | ||
| 003 | CZ PrSKC | ||
| 005 | 20260601215657.0 | ||
| 007 | ta | ||
| 008 | 180911s2018 xr g 000 f cze | ||
| 015 | |a cnb003027250 | ||
| 020 | |a 9788075971456 |q (vázáno) | ||
| 035 | |a (OCoLC)1065954593 | ||
| 040 | |a OLA001 |b cze |e rda | ||
| 041 | 1 | |a cze |h eng | |
| 072 | 7 | |a 821.111-3 |x Anglická próza, anglicky psaná |2 Konspekt | |
| 080 | |a 821.111-31 |2 MRF | ||
| 080 | |a (0:82-311.5) |2 MRF | ||
| 100 | 1 | |a Jerome, Jerome K. |q (Jerome Klapka), |d 1859-1927 |7 jn19981001562 |4 aut | |
| 240 | 1 | 0 | |a Three men on the bummel. |l Česky |7 aun2008438835 |
| 245 | 1 | 0 | |a Tři muži na toulkách / |c Jerome K. Jerome ; z anglického originálu Three men on the bummel ... přeložil Miroslav Macek |
| 264 | 1 | |a Praha : |b XYZ, |c 2018 | |
| 300 | |a 234 stran ; |c 19 cm | ||
| 336 | |a text |b txt |2 rdacontent | ||
| 337 | |a bez média |b n |2 rdamedia | ||
| 338 | |a svazek |b nc |2 rdacarrier | ||
| 520 | 2 | |a Humoristický román anglického autora je volným pokračováním jeho světoznámých Tří mužů ve člunu. |b Tentokrát autor doprovází trojici nerozlučných přátel na jejich cyklistických cestách po Německu a jeho pamětihodnostech. Jejich cestovní zážitky, dobrodružství, žerty a vzájemné popichování potěší všechny příznivce a vyznavače klasického anglického humoru. | |
| 655 | 7 | |a anglické romány |7 fd131814 |2 czenas | |
| 655 | 7 | |a humoristické romány |7 fd132431 |2 czenas | |
| 655 | 9 | |a English fiction |2 eczenas | |
| 655 | 9 | |a humorous novels |2 eczenas | |
| 700 | 1 | |a Macek, Miroslav, |d 1944-2024 |7 jn20000401683 |4 trl | |
| 787 | 0 | 8 | |i Z cyklu: |t Tři muži |g 2 |
| 900 | |a ABA001 |b 20 | ||
| 928 | 9 | |a Albatros Media - XYZ | |
| 044 | |a xr | ||
| 910 | |a RBIT002 | ||
| 998 | |d 179241 |a https://core.palmknihy.cz/api/books/179241/cover?petxd9 |b https://core.palmknihy.cz/api/books/179241/cover/400?petxd9 |c https://core.palmknihy.cz/api/books/179241/cover/50?petxd9 |e 2050-12-31 |g 240 |i 9788075971456 |j https://core.palmknihy.cz/api/books/179241/preview.epub |k https://core.palmknihy.cz/api/books/179241/preview.pdf |l |q 49 |r 1 |s https://www.palmknihy.cz/kniha/179241 |t ebook |y 2018 |z 0 |v Tři muži |w 2 | ||
| 999 | |d 310933 | ||